000 00364nam a2200145Ia 4500
008 231004s2016 xx 000 0 und d
020 _a9788189996437
041 _aeng
082 _a370.72
_bSAN
100 _aDR.SANDHU, KAMLESH
245 _aRESEARCH IN EDUCATION
260 _aNEW DELHI
_bSHRI SAI PRINTO GRAPHERS
_c2016
300 _a373
650 _aRESEARCH
999 _c877180
_d877180